000
00239nam a2200097Ia 4500
005
20251222114358.0
008
251222s1900||||xx |||||||||||||| ||spa||
082
_a
DVD0124/P38/1995/T.3
245
0
_a
La historia del rock and roll:
942
_c
DVD
999
_c
1532
_d
1532